000 00737nam a22002297a 4500
003 DO-SdBNP
005 20221115093925.0
007 ta
008 221115b2022 dr a|||| |||| 00| 0 spa d
020 _a9789945635522
040 _aDO-SdBNP
_bspa
_cBNPHU
082 4 _222
100 1 _aGutiérrez, Ulises,
_d1958-
_982824
245 1 0 _aJosé Ignacio Marte Polanco -Pole- :
_benigma de Balaguer /
_cUlises Gutiérrez ; prólogo Eduardo García Michel
260 _aSanto Domingo :
_bSantuario,
_c2022.
300 _a152 p. :
_bil. ;
_c24
500 _aIncluye datos biográficos del autor en las solapas
590 _aInventariado, 2022/BT
700 1 _aGarcía Michel, Eduardo,
_epról.
_99281
910 _aBtavárez
942 _2ddc
_cLBS1
999 _c52931
_d52931